000 01115nam0a22002891 4500
001 rc\4758209
005 20260407025130.0
035 _a(NLR Aleph) 008995821
090 _a9275735
_c9275735
100 _a20130417d1967 |||y0rusy50 ca
101 0 _arus
102 _aRU
105 _ay z |||||
200 1 _aПоказатели экономической оценки эксплуатационной работы дороги
_fСССР - МПС. Львовская ж. д. Экон. секция ДорНТО
210 _aЛьвов
_cБ. и.
_d1967
215 _a[1], 30 с.
_d19
300 _aВ конце текста авт.: Борисов Е.И., Аврух М.Е.
300 _aОтпеч. множит. аппаратом
333 _aДля служебного пользования. Экз. № 000998
701 1 _aБорисов
_bЕ.И.
701 1 _aАврух
_bМ.Е.
710 0 2 _aЛьвовская железная дорога
_3RU\NLR\AUTH\8810010872
_9519421
801 0 _aRU
_bNLR
_gpsbo
801 1 _aRU
_bELAR
_2rusmarc
852 _aNLR
_j50К/10602
942 _cBOOK
980 _aNB